[Event "ch-CUB"]
[Site "Las Tunas CUB"]
[Date "2001.04.15"]
[Round "13"]
[White "Gongora,M"]
[Black "Vazquez,R"]
[Result "0-1"]
[WhiteElo "2417"]
[BlackElo "2393"]

1.e4 c5 2.Nf3 e6 3.d4 cxd4 4.Nxd4 a6 5.Bd3 Qc7 6.O-O Nf6 7.Qe2 d6 8.f4 Nbd7
9.Kh1 Be7 10.c4 b6 11.Nc3 O-O 12.Bd2 Bb7 13.Rae1 Rad8 14.f5 e5 15.Nf3 Nc5
16.Bc2 b5 17.b4 Na4 18.Nxa4 bxa4 19.Bd3 Bc6 20.a3 h6 21.Rg1 Nh5 22.g3 Rfe8
23.h3 Bf8 24.Kh2 Nf6 25.Bb1 Rc8 26.Rc1 Qb7 27.Rge1 Qb8 28.Nh4 Be7 29.Ng2 Bd8
30.g4 Bb6 31.Rc3 Bd4 32.Rg3 Qb6 33.Rf1 Kf8 34.g5 hxg5 35.Rxg5 Qb7 36.Re1 Nh7
37.Rg3 Nf6 38.Qf3 Bd7 39.Bd3 Qb6 40.Ne3 d5 41.cxd5 Bc3 42.Qe2 Bb5 43.Reg1 Bxd3
44.Qxd3 Bxd2 45.Qxd2 Nxe4 46.Qg2 Nxg3 47.Qxg3 Qh6 48.Ng4 Qf4 49.Qxf4 exf4
50.f6 Rc2+ 51.Kh1 g6 52.Rd1 Ree2  0-1

[Event "FSIMA April"]
[Site "Budapest HUN"]
[Date "2001.04.17"]
[Round "11"]
[White "Rajlich,V"]
[Black "Brustkern,J"]
[Result "1/2-1/2"]
[WhiteElo "2337"]
[BlackElo "2263"]

1.e4 c5 2.Nf3 e6 3.d4 cxd4 4.Nxd4 a6 5.Bd3 Qb6 6.c3 Nc6 7.O-O d6 8.Nd2 Nf6
9.Nc4 Qc7 10.Nxc6 bxc6 11.e5 dxe5 12.Re1 Nd7 13.Qh5 g6 14.Qh3 Bg7 15.Bh6 O-O
16.Bxg7 Kxg7 17.Re2 f6 18.Rd1 Rd8 19.Red2 Nf8 20.Qe3 Rb8 21.b4 Bb7 22.h4 c5
23.Qxc5 Rbc8 24.Na5 Qxc5 25.bxc5 Ba8 26.c6 Bxc6 27.Bxa6 Rxd2 28.Rxd2 Ra8
29.Nxc6 Rxa6 30.Nb4 Ra4 31.Rd6 Kf7 32.Ra6 Rxa6 33.Nxa6 Ke7 34.Kf1 Kd6 35.Ke2 h5
36.a4 Nd7 37.a5 Kc6 38.c4 e4 39.Ke3 Ne5 40.Kd4 Nd3 41.f3 exf3 42.gxf3 Ne5
43.Nb4+ Kc7 44.f4 Nf3+ 45.Kc5 Nxh4 46.Na6+ Kb7 47.Kb5 Nf5 48.Nc5+ Ka7 49.Ne4 h4
50.Nxf6 h3 51.Ng4 Ne3 52.Nf2 h2 53.c5 Nd5 54.Kc6 Nxf4 55.Kd7 Nd3 56.Nh1 Nb4
57.c6  1/2-1/2

[Event "Classics IMB"]
[Site "Gausdal NOR"]
[Date "2001.04.18"]
[Round "4"]
[White "Gabrielsen,S"]
[Black "Jakobsen,L"]
[Result "1-0"]
[WhiteElo "2286"]
[BlackElo "2363"]

1.e4 c5 2.Nf3 e6 3.d4 cxd4 4.Nxd4 a6 5.Bd3 Qb6 6.Nb3 Qc7 7.Nc3 Nf6 8.f4 d6
9.Qf3 b5 10.g4 Bb7 11.g5 Nfd7 12.Bd2 Nc6 13.O-O-O Nc5 14.Kb1 O-O-O 15.h4 Kb8
16.Rhe1 Be7 17.Rc1 Rc8 18.Bf1 h6 19.Qe2 hxg5 20.hxg5 Rh1 21.Bg2 Rh2 22.Rh1 Rch8
23.Rxh2 Rxh2 24.Rh1 Rxh1+ 25.Bxh1 b4 26.Nd1 a5 27.Qh5 Nxb3 28.axb3 g6 29.Qh7 Bd8
30.Ne3 Nd4 31.Qh8 e5 32.fxe5 dxe5 33.Nc4 Nc6 34.Be3 Qe7 35.Bb6 Qxg5 36.Nxa5 Kc8
37.Bf3 Qf6 38.Bg4+  1-0

[Event "4th Open"]
[Site "Tanta City EGY"]
[Date "2001.04.18"]
[Round "1"]
[White "Stefansson,H"]
[Black "Ahmed,Es"]
[Result "1-0"]
[WhiteElo "2570"]
[BlackElo "2362"]

1.e4 c5 2.Nf3 e6 3.d4 cxd4 4.Nxd4 a6 5.Bd3 Nc6 6.Nxc6 dxc6 7.O-O e5 8.Nd2 Qc7
9.a4 Nf6 10.a5 Bb4 11.Nc4 Be6 12.Qf3 Bxc4 13.Bxc4 O-O 14.Bg5 Ne8 15.Rfd1 Nd6
16.Bb3 Bc5 17.Rd3 Kh8 18.Be3 Bxe3 19.Qxe3 Rad8 20.Rad1 Nb5 21.Qc5 Rfe8 22.Qb6 Rxd3
23.Rxd3 Qe7 24.c3 h6 25.g3 Nd6 26.Qb4 Nb5 27.Qxe7 Rxe7 28.Rd8+ Kh7 29.Kf1 g6
30.Ke2 Kg7 31.Ke3 Nc7 32.f4 exf4+ 33.gxf4 Ne8 34.Kd4 Nf6 35.e5 Nh5 36.Kc5 Nxf4
37.Kd6 Re6+ 38.Bxe6 Nxe6 39.Rd7 g5 40.Rxb7 g4 41.Rb6 h5 42.Rxa6 c5 43.b4 cxb4
44.cxb4 Nd4 45.Kd5 Nf3 46.e6  1-0

[Event "4th Open"]
[Site "Tanta City EGY"]
[Date "2001.04.20"]
[Round "3"]
[White "Stefansson,H"]
[Black "Khamrakulov,I"]
[Result "1-0"]
[WhiteElo "2570"]
[BlackElo "2451"]

1.e4 c5 2.Nf3 e6 3.d4 cxd4 4.Nxd4 a6 5.Bd3 g6 6.O-O Bg7 7.Nb3 Ne7 8.c4 O-O
9.Nc3 d5 10.cxd5 exd5 11.Bg5 dxe4 12.Bxe4 Qc7 13.Re1 f6 14.Bh4 Nbc6 15.Bg3 Qb6
16.Bxc6 Nxc6 17.Bd6 Rd8 18.Nd5 Qa7 19.Be7 Rd7 20.Bxf6 Rf7 21.Re8+ Bf8 22.Qd2 Bf5
23.Rae1 Rxe8 24.Rxe8 Bd7 25.Re1 a5 26.Bc3 Bh6 27.Qe2 Bg5 28.Nd2 Qc5 29.Ne3 Re7
30.Qf3 Nd4 31.Qxb7 Bc6 32.Qc8+ Kf7 33.Bxd4 Qxd4 34.Qxc6 Qxd2 35.Qf3+ Bf6
36.Qd1 Qxb2 37.Qd5+ Kg7 38.g3 a4 39.h4 Qb7 40.Rc1 a3 41.Rc6 Rd7 42.Qe6 Bd4
43.Nc2 Re7 44.Qd5 Bb2 45.Nd4 Bxd4 46.Qxd4+ Kh6 47.Qf4+ Kg7 48.Qf6+ Kg8 49.h5 gxh5
50.Rc1 Re8 51.Qg5+ Kh8 52.Qxh5 Qe4 53.Qf7 Rb8 54.Kh2 Qg6 55.Qf4 Rd8 56.Kg1 Re8
57.Rc7 Rd8 58.Qe3 Kg8 59.Qb3+ Kh8 60.Qc3+ Kg8 61.Re7 h5 62.Kg2 Rf8 63.Qc4+ Kh8
64.Qd4+ Kg8 65.Qd5+  1-0

[Event "4th Open"]
[Site "Tanta City EGY"]
[Date "2001.04.21"]
[Round "4"]
[White "Kalod,R"]
[Black "Szieberth,A"]
[Result "1-0"]
[WhiteElo "2495"]
[BlackElo "2389"]

1.e4 c5 2.Nf3 e6 3.d4 cxd4 4.Nxd4 a6 5.Bd3 d5 6.exd5 Qxd5 7.O-O Nc6 8.Be3 Nxd4
9.Bxd4 Bd7 10.Be2 Bc6 11.Bf3 Qd7 12.Nc3 Ne7 13.Ne4 Nf5 14.Bb6 Qxd1 15.Rfxd1 Nh4
16.Nd6+ Bxd6 17.Bxc6+ Ke7 18.Bxb7 Rab8 19.Rxd6 Kxd6 20.Rd1+ Ke7 21.Bc5+ Kf6
22.Bxa6 Rhd8 23.Rxd8 Rxd8 24.Bd3 Ra8 25.a3 Ke5 26.f3 f5 27.Kf2 Kd5 28.Be3 Ng6
29.c4+ Kd6 30.f4 e5 31.g3 e4 32.Be2 Ne7 33.Ke1 Nc6 34.Kd2 g6 35.Kc3 h6 36.h4 h5
37.Bc1 Ne7 38.b4 Rc8 39.a4 Ra8 40.Kb3 Nc6 41.Be3 Kc7 42.b5 Nd8 43.Kb4 Ne6
44.a5 Rd8 45.Bb6+  1-0

[Event "Masters"]
[Site "Besancon FRA"]
[Date "2001.04.24"]
[Round "4"]
[White "Roser,K"]
[Black "Chernuschevich,A"]
[Result "1/2-1/2"]
[WhiteElo "2327"]
[BlackElo "2440"]

1.e4 c5 2.Nf3 e6 3.d4 cxd4 4.Nxd4 a6 5.Bd3 Nf6 6.O-O e5 7.Nb3 d6 8.Nc3 Be7
9.f4 Nc6 10.Kh1 O-O 11.f5 b5 12.Be3 Bb7 13.Nd5 Nxd5 14.exd5 Nb8 15.Qh5 Bf6
16.Be4 Bc8 17.a4 bxa4 18.Rxa4 Bd7 19.Ra5 Bb5 20.Rc1 Bc4 21.Ra3 Bxb3 22.Rxb3 Nd7
23.Ra3 Qc7 24.Rca1 Rfb8 25.b3 Qc3 26.Qe2 Rb4 27.Bf2  1/2-1/2

[Event "GMB"]
[Site "Dos Hermanas ESP"]
[Date "2001.04.24"]
[Round "6"]
[White "Fernandez Garcia,J"]
[Black "Spraggett,K"]
[Result "1/2-1/2"]
[WhiteElo "2465"]
[BlackElo "2526"]

1.e4 c5 2.Nf3 e6 3.d4 cxd4 4.Nxd4 a6 5.Bd3 Nf6 6.O-O d6 7.c4 Be7 8.Nc3 Qc7
9.f4 O-O 10.Qe2 Nbd7 11.Nf3 g6 12.Kh1 b6 13.Bd2 Bb7 14.Rae1 Rfe8 15.f5 Bf8
16.fxg6 fxg6 17.e5 dxe5 18.Ng5 Bg7 19.Nce4 Nxe4 20.Bxe4 Bxe4 21.Qxe4 Nf6
22.Qxe5 Qxe5 23.Rxe5 Nd7 24.Rxe6 Rxe6 25.Nxe6 Bxb2 26.Bh6  1/2-1/2

[Event "Zone 3.2a"]
[Site "Manila PHI"]
[Date "2001.04.26"]
[Round "4"]
[White "Donguines,F"]
[Black "Torre,E"]
[Result "1-0"]
[WhiteElo "2425"]
[BlackElo "2546"]

1.e4 c5 2.Nf3 e6 3.d4 cxd4 4.Nxd4 a6 5.Bd3 Nc6 6.Nxc6 dxc6 7.O-O e5 8.Nd2 Bd6
9.b3 b5 10.a4 Rb8 11.axb5 axb5 12.Bb2 Nf6 13.Nf3 Qe7 14.c4 bxc4 15.Bxc4 O-O
16.Qd3 Bg4 17.h3 Bh5 18.Nh4 Bc5 19.Nf5 Qe8 20.Ra5 Nd7 21.Qg3 Bg6 22.Rd1 Bd4
23.Nxd4 exd4 24.Rxd4 Nf6 25.f3 Rd8 26.Qc7 Rc8 27.Qd6 Ra8 28.b4 Nh5 29.Rd3 Qb8
30.Be5 Qb7 31.Qc5 Rfe8 32.Rd6 Rab8 33.Bc3 Nf4 34.Qd4 Qb6 35.Rc5 Nh5 36.Rdxc6 Qa7
37.Ra6  1-0

[Event "Astral Open"]
[Site "Bucharest ROM"]
[Date "2001.04.27"]
[Round "7"]
[White "Colin,V"]
[Black "Ionescu,Cr"]
[Result "1-0"]
[WhiteElo "2301"]
[BlackElo "2304"]

1.e4 c5 2.Nf3 e6 3.d4 cxd4 4.Nxd4 a6 5.Bd3 Nf6 6.O-O d6 7.c4 b6 8.Nc3 Bb7
9.b3 g6 10.Bb2 Bg7 11.Qe2 O-O 12.Rfd1 Nbd7 13.Rac1 Qc7 14.Bb1 Rad8 15.Ba3 Nc5
16.b4 Ncd7 17.Nd5 exd5 18.cxd5 Qb8 19.Nc6 Qa8 20.Nxd8 Rxd8 21.f3 Ne8 22.Bb2 Bh6
23.Rc3 a5 24.Ra3 Ba6 25.Bd3 Bxd3 26.Qxd3 Qb8 27.bxa5 bxa5 28.Bd4 Ne5 29.Qa6 Nc7
30.Qb6 Nb5 31.Rb3 Nxd4 32.Qxb8 Rxb8 33.Rxb8+ Kg7 34.Kf2 Nc2 35.Ra8 Nc4 36.Rc8 N2a3
37.Rd3 Bd2 38.Rxd2 Nxd2 39.Ke3 Ndc4+ 40.Kd4 Nb6 41.Rc6 Nb5+ 42.Kd3 Nd7 43.Kc4  1-0

[Event "Bank Pocztowy Open A"]
[Site "Bydgoszcz POL"]
[Date "2001.04.27"]
[Round "1"]
[White "Mickiewicz,P"]
[Black "Brodsky,M"]
[Result "0-1"]
[WhiteElo "2239"]
[BlackElo "2529"]

1.e4 c5 2.Nf3 e6 3.d4 cxd4 4.Nxd4 a6 5.Bd3 Nf6 6.O-O Qc7 7.c4 Nc6 8.Nxc6 dxc6
9.Be3 e5 10.f3 Nd7 11.Nc3 Bc5 12.Bxc5 Nxc5 13.b4 Ne6 14.c5 a5 15.a3 O-O 16.Na4 axb4
17.axb4 Rd8 18.Qb3 Nf4 19.Nb2 Be6 20.Bc4 b6 21.Rad1 bxc5 22.Rxd8+ Qxd8 23.bxc5 Qd2  0-1

[Event "Bank Pocztowy Open A"]
[Site "Bydgoszcz POL"]
[Date "2001.05.05"]
[Round "8"]
[White "Klovans,J"]
[Black "Maksimenko,A"]
[Result "0-1"]
[WhiteElo "2490"]
[BlackElo "2514"]

1.e4 c5 2.Nf3 e6 3.d4 cxd4 4.Nxd4 a6 5.Bd3 g6 6.Nc3 Bg7 7.Be3 d6 8.O-O Nf6
9.a4 b6 10.f4 Bb7 11.Qf3 Nbd7 12.Rad1 O-O 13.Qh3 Rc8 14.Nf3 Qe7 15.Rde1 h5
16.Qh4 e5 17.h3 Rfe8 18.fxe5 dxe5 19.Ng5 Qb4 20.Bc1 Rf8 21.Rf3 Rce8 22.Ref1 Re7
23.Qf2 Rc8 24.Qe2 Ra8 25.Kh1 Qd6 26.Bc4 Nc5 27.Qf2 Ncxe4 28.Ncxe4 Nxe4 29.Nxe4 Bxe4
30.Rxf7 Rxf7 31.Qxf7+ Kh7 32.Qf2 Qc6 33.Bd3 Rf8 34.Qe2 Bxd3 35.cxd3 Rxf1+
36.Qxf1 Qxa4 37.Be3 Qb3 38.Qf2 b5 39.Qd2 b4 40.Bg5 e4 41.dxe4 Qxb2 42.Qd7 Qa1+
43.Kh2 Qe5+  0-1

[Event "XXXVI Capablanca Mem Mixto"]
[Site "Havana CUB"]
[Date "2001.05.05"]
[Round "1"]
[White "Delgado Crespo,M"]
[Black "Santa Torres,J"]
[Result "0-1"]
[WhiteElo "2235"]
[BlackElo "2233"]

1.e4 c5 2.Nf3 e6 3.d4 cxd4 4.Nxd4 a6 5.Bd3 Nf6 6.O-O d6 7.Nc3 b5 8.a3 Bb7
9.Kh1 Nbd7 10.f4 Be7 11.Qe2 Qc7 12.Bd2 h5 13.Rae1 Ng4 14.Nd5 exd5 15.exd5 Nde5
16.fxe5 Nxe5 17.Nf5 Bf6 18.Ba5 Qxa5 19.Nxd6+ Kf8 20.Nxb7 Qb6 21.Be4 Qxb7
22.d6 Nc6 23.Qf3 Rc8 24.Bf5 Rd8 25.d7 Qc7 26.Qe4 Ne7 27.Bh3 Qc6 28.Qb4 Rh6
29.Qa5 Qa8 30.Qb4 Qc6 31.Qa5 Qa8 32.Qb4 Qc6 33.Rf3 Rg6 34.Rfe3 Rxd7 35.R3e2 Rd6
36.Bf5 Rg5 37.Be4 Qc5 38.Qb3 Qc4 39.Qf3 Qc5 40.Bd3 Qc6 41.Be4 Qc7 42.Bd3 Qc6
43.Be4 Qd7 44.Bd3 g6 45.Rf1 Nc6 46.Ref2 Ne5 47.Qe2 Qe7 48.Qd2 Nxd3 49.cxd3 Kg7
50.Qb4 Re5 51.h3 Re3 52.Qc5 Re1 53.Qc2 Rxf1+ 54.Rxf1 Qe3  0-1

[Event "XXXVI Capablanca Mem Premier II"]
[Site "Havana CUB"]
[Date "2001.05.06"]
[Round "2"]
[White "Herrera,I"]
[Black "Garcia,Os"]
[Result "1-0"]
[WhiteElo "2432"]
[BlackElo "2300"]

1.e4 c5 2.Nf3 e6 3.d4 cxd4 4.Nxd4 a6 5.Bd3 Qc7 6.Qe2 d6 7.O-O Nf6 8.c4 g6
9.Nc3 Bg7 10.Nf3 Nc6 11.Rd1 O-O 12.Bc2 e5 13.h3 Nd7 14.Nd5 Qd8 15.Be3 Nc5
16.b4 Ne6 17.Bb6 Qd7 18.Ba4 f5 19.c5 Ncd4 20.Nxd4 Nxd4 21.Rxd4 Qxa4 22.Rdd1 Bd7
23.cxd6 Bc6 24.Nc7 Rab8 25.Ne6 fxe4 26.Nxf8 Rxf8 27.Qc4+ Kh8 28.Qb3 Qb5 29.Be3 Be8
30.Rac1 Bf7 31.Qc2 Be6 32.a4 Qe8 33.Qc7 Rf7 34.Qb6 Bf6 35.Rc7 Qxa4 36.Rdc1 Bd7
37.Bh6 Bg7 38.Rc8+ Be8 39.Bxg7+ Kxg7 40.Qd8 Bc6 41.Qg8+ Kf6 42.Rf8 Qb3 43.Qh8+ Kf5
44.Rxf7+ Qxf7 45.Rc5 Ke6 46.Qxe5+ Kd7 47.Rc1 Qe8 48.Qd4 Kc8 49.Qg7 Qd8 50.Rd1 Kb8
51.Qe7 Qd7 52.Rc1 Kc8 53.Qe5 Kb8 54.b5 axb5 55.Qc5 Qe6 56.Ra1 e3 57.fxe3 b4
58.Qa7+ Kc8 59.Qb6 Qf7 60.Ra8+ Kd7 61.Rd8+ Ke6 62.Qxb4 Qf6 63.Qc4+ Bd5 64.Qc8+ Ke5
65.Qc3+ Kf5 66.g4+ Ke6 67.Re8+ Kf7 68.Qxf6+ Kxf6 69.d7 Bc6  1-0

[Event "XXXVI Capablanca Mem Premier II"]
[Site "Havana CUB"]
[Date "2001.05.06"]
[Round "2"]
[White "Herrera,I"]
[Black "Garcia,Os"]
[Result "1-0"]
[WhiteElo "2432"]
[BlackElo "2300"]

1.e4 c5 2.Nf3 e6 3.d4 cxd4 4.Nxd4 a6 5.Bd3 Qc7 6.Qe2 d6 7.O-O Nf6 8.c4 g6
9.Nc3 Bg7 10.Nf3 Nc6 11.Rd1 O-O 12.Bc2 e5 13.h3 Nd7 14.Nd5 Qd8 15.Be3 Nc5
16.b4 Ne6 17.Bb6 Qd7 18.Ba4 f5 19.c5 Ncd4 20.Nxd4 Nxd4 21.Rxd4 Qxa4 22.Rdd1 Bd7
23.cxd6 Bc6 24.Nc7 Rab8 25.Ne6 Bxe4 26.Nxf8 Rxf8 27.Qc4+ Kh8 28.Qb3 Qb5 29.Be3  1-0

[Event "XXXVI Capablanca Mem Mixto"]
[Site "Havana CUB"]
[Date "2001.05.07"]
[Round "3"]
[White "Lopez,B"]
[Black "Santa Torres,J"]
[Result "1-0"]
[WhiteElo "2397"]
[BlackElo "2233"]

1.e4 c5 2.Nf3 e6 3.d4 cxd4 4.Nxd4 a6 5.Bd3 Nf6 6.O-O d6 7.c4 g6 8.Nc3 Bg7
9.Qe2 O-O 10.Be3 Qc7 11.Rac1 Nbd7 12.Rfd1 b6 13.f3 Bb7 14.Qf2 Rfe8 15.b4 Rac8
16.Nb3 Ne5 17.Na4 Nxd3 18.Rxd3 b5 19.cxb5 Qb8 20.Rxc8 Bxc8 21.b6 d5 22.Nc3 dxe4
23.Nxe4 Nd5 24.Bc5 Be5 25.g3 f5 26.Ned2 Bd7 27.Nc4 Bb5 28.Nxe5 Qxe5 29.Rd1 Nc3
30.Re1 Qd5 31.Nd4 Bc4 32.Qe3 Nb5 33.Qe5 Qxe5 34.Rxe5 Nxd4 35.Bxd4 Bxa2 36.Ra5 Bd5
37.Rxa6 Bxf3 38.Be5 Ra8 39.Ra5 Bb7 40.Kf2 Kf7 41.Ke3 Ke8 42.Kf4 Rxa5 43.bxa5 Kd7
44.Kg5 Kc6 45.Kh6 Kd5 46.Bc3 e5 47.Kxh7 g5 48.Kg6 g4 49.Kxf5 Bc8+ 50.Kg5 Kc4
51.Bxe5 Kb5 52.b7 Bxb7 53.Kxg4 Kxa5 54.h4  1-0

[Event "XXXVI Capablanca Mem Mixto"]
[Site "Havana CUB"]
[Date "2001.05.10"]
[Round "5"]
[White "Fleitas,Y"]
[Black "Santa Torres,J"]
[Result "1-0"]
[WhiteElo "2226"]
[BlackElo "2233"]

1.e4 c5 2.Nf3 e6 3.d4 cxd4 4.Nxd4 a6 5.Bd3 Nf6 6.O-O d6 7.c4 g6 8.Nc3 Bg7
9.Be3 O-O 10.Rc1 Qc7 11.Qe2 Nbd7 12.Rfd1 b6 13.f3 Bb7 14.b4 Ne5 15.Nb3 Rab8
16.Na4 Bc8 17.Qf2 Nfd7 18.Bf1 Re8 19.Qd2 Bf8 20.Bf4 Qc6 21.Nb2 Bb7 22.c5 dxc5
23.bxc5 bxc5 24.Na5 Qc7 25.Nbc4 f6 26.Qc3 Bc8 27.Bg3 Rb4 28.Nxe5  1-0

[Event "TCh-YUG"]
[Site "Herceg Novi YUG"]
[Date "2001.05.14"]
[Round "1"]
[White "Perunovic,Mil"]
[Black "Cabrilo,G"]
[Result "1/2-1/2"]
[WhiteElo "2471"]
[BlackElo "2496"]

1.e4 c5 2.Nf3 e6 3.d4 cxd4 4.Nxd4 a6 5.Bd3 Nf6 6.O-O d6 7.c4 Bd7 8.Nc3 Nc6
9.Nxc6 Bxc6 10.b3 Be7 11.Bb2 O-O 12.Qe2 Qa5 13.Nd5 exd5 14.exd5 Nxd5 15.cxd5 Qxd5
16.f4 Rfe8 17.Qg4 Bf8 18.Rad1 h5 19.Qg5 Qxg5 20.fxg5 d5 21.Bd4 g6 22.Rf2 Bd7
23.Be2 Rac8 24.Bf3 Be6 25.g3 Red8 26.Kg2 Bc5 27.Bxc5 Rxc5 28.Rd4 Rdc8 29.Rfd2 Rc2
30.Kf2 Rxd2+ 31.Rxd2 Kf8 32.Ke3 Rc3+ 33.Rd3 Rc2 34.Rd2 Rc5 35.b4 Rc3+ 36.Rd3 Rc2
37.Rd2 Rc3+ 38.Rd3 Rc2 39.Rd2 d4+ 40.Rxd4 Rxh2 41.a4 b6  1/2-1/2

[Event "XXXVI Capablanca Mem Mixto"]
[Site "Havana CUB"]
[Date "2001.05.16"]
[Round "10"]
[White "Lopez,B"]
[Black "Collazo,N"]
[Result "1-0"]
[WhiteElo "2397"]
[BlackElo "2182"]

1.e4 c5 2.Nf3 e6 3.d4 cxd4 4.Nxd4 a6 5.Bd3 Nc6 6.Nxc6 bxc6 7.O-O e5 8.Qe2 Nf6
9.b3 Be7 10.Bb2 Qc7 11.Nd2 O-O 12.Nc4 d6 13.f4 exf4 14.e5 dxe5 15.Bxe5 Qa7+
16.Kh1 Bg4 17.Qe1 Nd5 18.Bxf4 Nxf4 19.Rxf4 Be6 20.Qe4 g6 21.Qxc6 Bg5 22.Rff1 Rad8
23.Ne5 Bd5 24.Qxa6 Qd4 25.Rae1 Qh4 26.Qa4 Qxa4 27.bxa4 Bxa2 28.a5 Bd2 29.Re2 Bc3
30.a6 Bd5 31.Nc4 Bd4 32.Na3 f5 33.Nb5 Bb6 34.Nc3 Ba8 35.Re6 Ba5 36.Ne2 Bd5
37.Re5 Bd2 38.Rd1  1-0

[Event "XXXVI Capablanca Mem Premier I"]
[Site "Havana CUB"]
[Date "2001.05.16"]
[Round "10"]
[White "Gongora,M"]
[Black "Mateo,Ra"]
[Result "1/2-1/2"]
[WhiteElo "2417"]
[BlackElo "2420"]

1.e4 c5 2.Nf3 e6 3.d4 cxd4 4.Nxd4 a6 5.Bd3 Nf6 6.O-O d6 7.c4 b6 8.Nc3 Bb7
9.Qe2 Be7 10.f4 O-O 11.Kh1 Re8 12.Nf3 g6 13.Ng5 Nc6 14.e5 dxe5 15.Nxf7 Kxf7
16.fxe5 Nxe5 17.Qxe5 Qxd3 18.Bg5 Qd6 19.Qxd6 Bxd6 20.Bxf6 Kg8 21.Rad1 Bf8
22.Na4 b5 23.Nb6 Rab8 24.cxb5 axb5 25.Nd7 Rbc8 26.Bc3 Be7 27.a3 Bc6 28.Ne5 Bd5
29.Ng4 Bg5 30.Bf6 h5 31.Bxg5 hxg4 32.Rd2 Rf8 33.Rxf8+ Rxf8 34.Kg1 Bc4 35.Rd8 Rxd8
36.Bxd8 Kf7 37.Kf2 e5 38.Ke3 Ke6 39.Ba5 Kd5 40.Bc3 Bf1  1/2-1/2

[Event "TCh-YUG Women"]
[Site "Herceg Novi YUG"]
[Date "2001.05.16"]
[Round "3"]
[White "Zarkovic,D"]
[Black "Randjelovic,D"]
[Result "1-0"]
[WhiteElo "2076"]
[BlackElo "2092"]

1.e4 c5 2.Nf3 e6 3.d4 cxd4 4.Nxd4 a6 5.Bd3 Bc5 6.Nb3 Ba7 7.Nc3 Nc6 8.Qe2 d6
9.Be3 Bxe3 10.Qxe3 Nf6 11.O-O-O Qc7 12.f4 b5 13.g4 b4 14.Ne2 a5 15.Bb5 O-O
16.g5 Nd7 17.Bxc6 Qxc6 18.Kb1 a4 19.Nbd4 Qc5 20.Qd2 Nb6 21.Ng3 Nc4 22.Qe1 Bb7
23.f5 e5 24.Nf3 Rfc8 25.Rc1 d5 26.Rf1 Ne3 27.Rf2 d4 28.g6 f6 29.gxh7+ Kxh7
30.Qg1 a3 31.Nh5 Rc7 32.Qg6+ Kh8 33.Rg1 Qe7 34.Ng5 fxg5 35.f6 gxf6 36.Qh6+ Qh7
37.Qxf6+ Rg7 38.Rxg5 Rg8 39.Nxg7 Rxg7 40.Qxe5 Qh6 41.Rxg7 Qxg7 42.Rf8+ Kh7
43.Qh5+  1-0

[Event "ch-LTU"]
[Site "Kaunas LTU"]
[Date "2001.05.16"]
[Round "10"]
[White "Piesina,G"]
[Black "Ruzele,D"]
[Result "0-1"]
[WhiteElo "2389"]
[BlackElo "2550"]

1.e4 c5 2.Nf3 e6 3.d4 cxd4 4.Nxd4 a6 5.Bd3 Bc5 6.c3 Nc6 7.Nxc6 bxc6 8.O-O e5
9.Qg4 Qf6 10.Qg3 d6 11.Be3 Bxe3 12.Qxe3 Ne7 13.Nd2 O-O 14.Rad1 Rb8 15.b3 Ng6
16.Rfe1 Qe7 17.Bf1 Rd8 18.Nc4 Qc7 19.b4 f6 20.Na5 Ne7 21.Rd2 Kf8 22.Red1 d5
23.Nb3 Ra8 24.Kh1 Be6 25.Nc5 Bc8 26.a4 Kg8 27.f3 Rf8 28.a5 h6 29.Bd3 Qa7
30.Qe2 Kh8 31.Bb1 Rb8 32.Ba2 d4 33.Qc4 f5 34.cxd4 fxe4 35.fxe4 Bg4 36.Re1 exd4
37.Rxd4 Ng6 38.h3 Qe7 39.e5 Qh4 40.Ra1 Nxe5 41.Rxg4 Nxg4 42.Qxg4 Qxg4 43.hxg4 Rxb4
44.Be6 Rb5 45.Nd3 Rd8 46.Bc4 Rg5 47.Bxa6 Rdd5 48.Rc1 Rxa5 49.Rxc6 Rxg4 50.Rc8+ Kh7
51.Bc4 h5 52.Be6 Rd4 53.Bg8+ Kh6 54.Rc6+ g6 55.Nf2 Kg7 56.Bb3 g5 57.Rc7+ Kf6
58.Rc6+ Kg7 59.Rc7+ Kf6 60.Rc6+ Ke5 61.Re6+ Kf5 62.Re1 g4 63.Bc2+ Kf4 64.Nd3+ Kg5
65.Kh2 h4 66.Re8 Ra1 67.Ne1 Rd2 68.Rg8+ Kf4 69.Rf8+ Ke3 70.Re8+ Kd4 71.Re4+ Kc3
72.Rxg4 Rxe1 73.Bf5 Rd5 74.Bc8 Rdd1 75.Rxh4 Rh1+  0-1

[Event "TCh-RUS"]
[Site "Tomsk RUS"]
[Date "2001.05.16"]
[Round "4"]
[White "Pridorozhni,A"]
[Black "Shaposhnikov,E"]
[Result "0-1"]
[WhiteElo "2352"]
[BlackElo "2514"]

1.e4 c5 2.Nf3 e6 3.d4 cxd4 4.Nxd4 a6 5.Bd3 g6 6.O-O Bg7 7.Be3 Nf6 8.c4 d6
9.Nc3 O-O 10.f3 Nbd7 11.Qd2 Qc7 12.Rac1 b6 13.Rfd1 Bb7 14.Bf1 Rfe8 15.b3 Rac8
16.g4 Qb8 17.g5 Nh5 18.Nde2 Bf8 19.Bg2 Ba8 20.Nd4 Ne5 21.a4 Rcd8 22.Qf2 Be7
23.Bh3 Bf8 24.Rd2 Nd7 25.Bg4 Ng7 26.h4 f5 27.gxf6 Nxf6 28.Bh3 Rd7 29.Bh6 Nfh5
30.Rcd1 Rf7 31.Nde2 Be7 32.Bg4 Nf6 33.Bh3 d5 34.cxd5 Bc5 35.Be3 Bxe3 36.Qxe3 exd5
37.Nf4 dxe4 38.Rd6 exf3 39.Ne6 Nxe6 40.Bxe6 Kg7 41.Qe5 Qc7 42.h5 Rxe6 43.Qxe6 Qxc3
44.h6+ Kxh6 45.Qxf7 Qe3+  0-1

[Event "TCh-RUS"]
[Site "Tomsk RUS"]
[Date "2001.05.17"]
[Round "5"]
[White "Smikovski,I"]
[Black "Landa,K"]
[Result "1/2-1/2"]
[WhiteElo "2497"]
[BlackElo "2610"]

1.e4 c5 2.Nf3 e6 3.d4 cxd4 4.Nxd4 a6 5.Bd3 Nf6 6.O-O d6 7.c4 Bd7 8.Nc3 Nc6
9.Nxc6 Bxc6 10.Qe2 Be7 11.Rd1 Qa5 12.Bf4 O-O 13.h3 Rfd8 14.a3 Qh5 15.Qxh5 Nxh5
16.Be3 Bf6 17.Rac1 Be5 18.Be2 Nf4 19.Bf1 Ng6 20.Bb6 Rd7 21.Re1 Ne7 22.f3 Bg3
23.Red1 d5 24.cxd5 exd5 25.exd5 Nxd5 26.Nxd5 Rxd5 27.Rxd5 Bxd5 28.Bf2 Be5
29.Rc5  1/2-1/2

[Event "Open"]
[Site "Pula CRO"]
[Date "2001.05.18"]
[Round "1"]
[White "Feletar,D"]
[Black "Papp,C"]
[Result "1/2-1/2"]
[WhiteElo "2443"]
[BlackElo "2120"]

1.Nf3 c5 2.e4 e6 3.d4 cxd4 4.Nxd4 a6 5.Bd3 b5 6.O-O Bc5 7.Be3 Qb6 8.Qg4 Bxd4
9.e5 Nh6 10.Qxd4 Qxd4 11.Bxd4 Nc6 12.c3 Bb7 13.Nd2 Nxd4 14.cxd4 Ke7 15.Rfc1 Bd5
16.h3 Rac8 17.g4 f6 18.exf6+ gxf6 19.f3 Nf7 20.Kf2 Nd6 21.Ke3 h5 22.Rxc8 Nxc8
23.a4 hxg4 24.hxg4 Nd6 25.axb5 axb5 26.Ra5 Nc4+ 27.Bxc4 bxc4 28.Rb5 Rh1  1/2-1/2

[Event "XXVI Elekes Mem GM"]
[Site "Budapest HUN"]
[Date "2001.05.21"]
[Round "1"]
[White "Rajlich,V"]
[Black "Fogarasi,T"]
[Result "1/2-1/2"]
[WhiteElo "2337"]
[BlackElo "2446"]

1.e4 c5 2.Nf3 e6 3.d4 cxd4 4.Nxd4 a6 5.Bd3 Qb6 6.c3 Qc7 7.O-O Nf6 8.f4 d6
9.Nd2 Be7 10.e5 dxe5 11.fxe5 Qxe5 12.Nc4 Qc7 13.Bf4 Qd8 14.Qf3 O-O 15.Rae1 Nc6
16.Nxc6 bxc6 17.Be5 Ra7 18.Qh3 g6 19.Re3 Nd5 20.Qh6 f6 21.Bd4 Nxe3 22.Bxg6 Bc5
23.Bxc5 Nxc4 24.Bxa7 Qe7 25.Bb8 hxg6 26.Rf4 Ne5 27.Bxe5 fxe5 28.Rxf8+ Qxf8
29.Qxg6+ Kh8 30.Qh5+ Kg7 31.Qxe5+ Kf7 32.Qh5+ Kf6 33.Qh4+ Kg7 34.Qg5+ Kf7
35.Qh5+ Ke7 36.Qc5+ Ke8 37.Qxc6+ Kd8 38.h4 Qf4 39.Qb6+ Kd7 40.Qd4+ Qxd4+
41.cxd4 Bb7 42.Kf2 a5 43.g4 a4 44.h5 Ke7 45.Ke3 Bd5 46.a3 Bb3 47.Kf4 Bd1
48.h6 Kf6 49.g5+ Kg6 50.Ke5 Bb3 51.Kd6 Ba2 52.Ke7  1/2-1/2

[Event "XXVI Elekes Mem GM"]
[Site "Budapest HUN"]
[Date "2001.05.21"]
[Round "1"]
[White "Anka,E"]
[Black "Szieberth,A"]
[Result "1-0"]
[WhiteElo "2425"]
[BlackElo "2389"]

1.e4 c5 2.Nf3 e6 3.d4 cxd4 4.Nxd4 a6 5.Bd3 Nf6 6.O-O d6 7.c4 Bd7 8.Nc3 Nc6
9.Nf3 Be7 10.h3 O-O 11.Bf4 Qc7 12.Rc1 Ne5 13.c5 Bc6 14.Nxe5 dxe5 15.Be3 a5
16.Qc2 Nd7 17.Nb5 Qd8 18.Rfd1 Bg5 19.Bxg5 Qxg5 20.Nd6 Nf6 21.Be2 Rfd8 22.Bf3 Ne8
23.Nc4 Rd4 24.h4 Qxh4 25.Nxe5 Rad8 26.Rxd4 Rxd4 27.Nxc6 bxc6 28.e5 Qf4 29.Qc3 Qxe5
30.Bxc6 Nc7 31.Re1 Qf6 32.Qxa5 Qd8 33.b4 g5 34.b5 Rd2 35.Rf1 g4 36.g3 Rd1
37.Qa4 Rxf1+ 38.Kxf1 Qd3+ 39.Kg2 h5 40.Qf4 Qd8 41.Qd6  1-0

[Event "TCh-RUS"]
[Site "Tomsk RUS"]
[Date "2001.05.21"]
[Round "8"]
[White "Shaposhnikov,E"]
[Black "Landa,K"]
[Result "1/2-1/2"]
[WhiteElo "2514"]
[BlackElo "2610"]

1.e4 c5 2.Nf3 e6 3.d4 cxd4 4.Nxd4 a6 5.Bd3 Nf6 6.O-O d6 7.c4 Bd7 8.Nc3 Nc6
9.Nxc6 Bxc6 10.Bf4 Be7 11.Qe2 O-O 12.Rfd1 Nd7 13.Rac1 Ne5 14.b4 Bg5 15.Qe3 Bxf4
16.Qxf4 Qb8 17.Qe3 Rc8 18.Qd4 Be8 19.Bf1  1/2-1/2

[Event "TCh-YUG"]
[Site "Herceg Novi YUG"]
[Date "2001.05.23"]
[Round "10"]
[White "Hracek,Z"]
[Black "Drazic,S"]
[Result "1/2-1/2"]
[WhiteElo "2603"]
[BlackElo "2490"]

1.e4 c5 2.Nf3 e6 3.d4 cxd4 4.Nxd4 a6 5.Bd3 Nc6 6.Nxc6 dxc6 7.O-O e5 8.Nd2 Nf6
9.Nc4 Qc7 10.Bd2 Bg4 11.Qe1 Nd7 12.a4 Be6 13.b4 Nb6 14.Ne3 Be7 15.a5 Nd7
16.Qe2 O-O 17.Bc4 Bxc4 18.Qxc4 Rfc8 19.Rfd1 Bf8 20.Bc3 Nf6 21.Rab1 Rab8 22.Rb3 g6
23.f3 Rd8 24.Be1 Rxd1 25.Nxd1 b5 26.axb6 Qxb6+ 27.Kf1 Ne8 28.Bf2 Qb5 29.Qxb5 axb5
30.Nb2 Ra8 31.Nd3 f6 32.Rc3 Ra6 33.Bc5 Bh6 34.Ke2 Kf7 35.h3 Nc7 36.Be3 Bf8
37.Nc5 Bxc5 38.Bxc5 Ne6 39.Be3 Ke7 40.g3 h5 41.f4 exf4 42.gxf4 f5 43.exf5 gxf5
44.Bc5+ Ke8 45.Bd6 Ra4 46.Ke3 Kd7 47.Rd3 Nc7 48.Bxc7+ Kxc7 49.c3 Ra1 50.Kd4 Kd6
51.Ke3+ Ke6 52.Kd4 Kd6  1/2-1/2

[Event "TCh-NOR Final"]
[Site "Langesund NOR"]
[Date "2001.05.25"]
[Round "3"]
[White "Gullaksen,E"]
[Black "Trygstad,K"]
[Result "1/2-1/2"]
[WhiteElo "2325"]
[BlackElo "2322"]

1.e4 c5 2.Nf3 e6 3.d4 cxd4 4.Nxd4 a6 5.Bd3 Qc7 6.Nc3 Nf6 7.O-O Nc6 8.Be3 Nxd4
9.Bxd4 Bc5 10.Bxc5 Qxc5 11.Kh1 d6 12.f4 e5 13.Qe1 Be6 14.Rd1 exf4 15.Rxf4 Qe5
16.Qf2 Ng4 17.Qg3 h5 18.Rdf1 g5 19.R4f3 h4 20.Qxe5 Nxe5 21.R3f2 Rc8 22.a3 Ke7
23.Rd2 Rc5 24.Be2 Rhc8 25.Kg1 b5 26.Rfd1 R8c6 27.Kf2 Nc4 28.Bxc4 Rxc4 29.Rd4 Rxd4
30.Rxd4 Kf6 31.Ke3 Ke5 32.a4 Rc5 33.g3 hxg3 34.hxg3 Bd7 35.axb5 axb5 36.Rb4 Bc6
37.Kd3 Bd7  1/2-1/2